| 000 | 00566nam a2200169 4500 | ||
|---|---|---|---|
| 001 | 140097 | ||
| 003 | ES-MaACL | ||
| 005 | 20230906200013.0 | ||
| 007 | t| | ||
| 008 | 070214s1957 sp r ||||1| spa d | ||
| 100 | 1 |
_aSchuck, Hans. _9104738 |
|
| 245 | 1 | 0 |
_aHistoria de la iglesia de Cristo / _cnarrada al pueblo católico por Juan Schuck ; completada para los últimos años por Guillermo Neuss. |
| 260 |
_aSan Sebastián : _bDinor, _c1957. |
||
| 300 |
_a734 p., 11 lám. ; _c21 cm. |
||
| 700 | 1 |
_aNeuss, Guillermo. _985458 |
|
| 852 |
_aES-MaACL _jC-12894 _bR.40719 |
||
| 999 |
_c140097 _d140097 |
||